Pozycja Topical Term
Liczba rekordów, w których użyto hasła: 2
001 - Numer kontrolny
- control field: 37746
003 - Identyfikator numeru kontrolnego
- control field: NUKAT
005 - Data i czas ostatniej modyfikacji
- control field: 20260310120126.0
008 - Dane kontrolne kodowane (40 znaków)
- fixed length control field: 050120n||azznnbabn |a ana |
010 ## - Numer kontrolny Biblioteki Kongresu
- numer kontrolny LC: px2004307592
035 ## - Numer systemowy
- numer systemowy: a10077583
035 ## - Numer systemowy
- numer systemowy: (PL)a0000001007758
040 ## - Instytucja sporządzająca rekord
- inst. przygot. dane do rek. khw: WA N
- język haseł przedmiotowych/tezaurus: DBN
- inst. wprow. rek. khw: WA N
150 ## - Hasło - nazwa pospolita
- nazwa posp. lub nazwa geogr. na pocz.: Portrety
455 ## - Trop zob. - nazwa rodzaju/formy
- nazwa rodzaju/formy: Portret (sztuki plastyczne)
550 ## - Trop zob. też - nazwa pospolita
- nazwa posp. lub nazwa geogr. na pocz.: Ikonografia
550 ## - Trop zob. też - nazwa pospolita
- nazwa posp. lub nazwa geogr. na pocz.: Portreciści
550 ## - Trop zob. też - nazwa pospolita
- podpole kontrolne: h
- nazwa posp. lub nazwa geogr. na pocz.: Portret pamięciowy
555 ## - Trop zob. też - nazwa rodz. lub formalna
- podpole kontrolne: h
- nazwa rodzajowa/formalna: Autoportrety
555 ## - Trop zob. też - nazwa rodz. lub formalna
- podpole kontrolne: h
- nazwa rodzajowa/formalna: Kryptoportret
555 ## - Trop zob. też - nazwa rodz. lub formalna
- podpole kontrolne: h
- nazwa rodzajowa/formalna: Monidła
555 ## - Trop zob. też - nazwa rodz. lub formalna
- podpole kontrolne: h
- nazwa rodzajowa/formalna: Popiersie
555 ## - Trop zob. też - nazwa rodz. lub formalna
- podpole kontrolne: h
- nazwa rodzajowa/formalna: Portrety konne
555 ## - Trop zob. też - nazwa rodz. lub formalna
- podpole kontrolne: h
- nazwa rodzajowa/formalna: Portrety pośmiertne
555 ## - Trop zob. też - nazwa rodz. lub formalna
- podpole kontrolne: h
- nazwa rodzajowa/formalna: Portrety ślubne
555 ## - Trop zob. też - nazwa rodz. lub formalna
- podpole kontrolne: h
- nazwa rodzajowa/formalna: Portrety trumienne
555 ## - Trop zob. też - nazwa rodz. lub formalna
- podpole kontrolne: h
- nazwa rodzajowa/formalna: Portrety zbiorowe
555 ## - Trop zob. też - nazwa rodz. lub formalna
- podpole kontrolne: h
- nazwa rodzajowa/formalna: Sylwetka (sztuki plastyczne)
555 ## - Trop zob. też - nazwa rodz. lub formalna
- nazwa rodzajowa/formalna: Autokarykatura
555 ## - Trop zob. też - nazwa rodz. lub formalna
- nazwa rodzajowa/formalna: Fotografia portretowa
555 ## - Trop zob. też - nazwa rodz. lub formalna
- nazwa rodzajowa/formalna: Karykatura
555 ## - Trop zob. też - nazwa rodz. lub formalna
- nazwa rodzajowa/formalna: Miniatura malarska
682 ## - Informacja o usuniętym haśle
- tekst wyjaśniający: zatwierdzone